000 00266nam a2200121 a 4500
005 20140414132008.0
008 110223s19uu xx 00 eng d
050 _aVCD
_bSO8
245 _aThe sound of music.
650 _aMusic
999 _c113208
_d113208